书目信息 |
| 题名: |
犹在镜中:戴锦华访谈录
|
|
| 作者: | 戴锦华 著 | |
| 分册: | ||
| 出版信息: | 北京 知识出版社 1999.06 |
|
| 页数: | 292页 | |
| 开本: | 32开 | |
| 丛书名: | ||
| 单 册: | ||
| 中图分类: | I206.7 | |
| 科图分类: | ||
| 主题词: | 文学--中国 | |
| 电子资源: | ||
| ISBN: | 7-5015-2027-5 | |
| 000 | 00560nam0 2200193 45 | |
| 001 | 0007201661 | |
| 005 | 20000720163531.9 | |
| 010 | @a7-5015-2027-5@d18.80元 | |
| 100 | @a20000720d1999 km y0chiy0120 ea | |
| 101 | 0 | @achi |
| 105 | @a z 000yy | |
| 200 | 1 | @a犹在镜中:戴锦华访谈录@AYou Zai Jing Zhong:Dai Jin Hua Fang Tan Lu@f戴锦华著@FDai Jin Hua Zhu |
| 210 | @a北京@c知识出版社@d1999.06 | |
| 215 | @a292页@d32开 | |
| 606 | 0 | @a文学@x中国 |
| 690 | @aI206.7@v3 | |
| 701 | 0 | @a戴锦华@4著 |
| 801 | @aCN@bPftUser@c20000720 | |
| 905 | @b72074-078@dI206.7@eD321@f5 | |
| 犹在镜中:戴锦华访谈录/戴锦华著.-北京:知识出版社,1999.06 |
| 292页;32开 |
| ISBN 7-5015-2027-5:18.80元 |
| ● |
| 相关链接 |
|
|
|
正题名:犹在镜中:戴锦华访谈录
索取号:I206.7/D321
 
预约/预借
| 序号 | 登录号 | 条形码 | 馆藏地/架位号 | 状态 | 备注 |
| 1 | 72074 | 200720746 | 文学库108/108文学库 6排5列1层/ [索取号:I206.7/D321] | 在馆 | |
| 2 | 72075 | 200720755 | 社科二线422/422社科库 23排2列3层/ [索取号:I206.7/D321] | 在馆 | |
| 3 | 72076 | 200720764 | 社科二线422/422社科库 23排2列3层/ [索取号:I206.7/D321] | 在馆 | |
| 4 | 72077 | 200720773 | 社科二线422/422社科库 23排2列3层/ [索取号:I206.7/D321] | 在馆 | |
| 5 | 72078 | 200720782 | 社科二线422/422社科库 23排2列3层/ [索取号:I206.7/D321] | 在馆 |